[Event "Petrov Memorial op"]
[Site "St Petersburg"]
[Date "2000.02.14"]
[Round "7"]
[White "Yemelin, Vasily"]
[Black "Kalashnikov, Konstantin"]
[Result "1-0"]
[WhiteElo "2540"]
[BlackElo "2403"]
[Annotator "Rogozenco,D"]
[PlyCount "81"]
[EventDate "2000.02.05"]
[EventType "swiss"]
[EventRounds "9"]
[EventCountry "RUS"]
[SourceTitle "CBM 076"]
[Source "ChessBase"]
[SourceDate "2000.05.31"]
[SourceVersion "1"]
[SourceVersionDate "2000.05.31"]
[SourceQuality "1"]

1. e4 {Schulz,A} c5 2. Nf3 d6 3. d4 cxd4 4. Nxd4 Nf6 5. Nc3 g6 6. Be3 Bg7 7. f3
Nc6 8. Qd2 O-O 9. O-O-O Nxd4 10. Bxd4 Qa5 {Schulz,A: 'Auf diese Weise kommt
die Dame in einem Schritt nach a5, aber ...'} (10... Be6 11. h4 (11. Kb1 {
Schulz,A} Qc7 12. h4 Rfc8) 11... Qa5 {is another line, see the next comment.})
11. h4 {In this particular position this move wasn't played yet, but after
Black's answer we have the position from the previous comment move order.} (11.
Kb1 Rd8 12. g4 Be6 13. h4 d5 14. e5 Nd7 15. h5 $16 {1-0 Shabalov,A-Beltre,A/
Mashantucket 1999 (32)}) ({... nach} 11. Kb1 $5 {(Schulz,A) würde nun wieder
der Abzug Sd5 mit der Zwischenschachmöglichkeit auf e7 drohen.}) 11... Be6 12.
Qg5 $1 {[%mdl 8] But this is a novelty. White shows that he doesn't need to
waste time for Kb1.} (12. Kb1 Rfc8 13. a3 Nh5 14. Bxg7 Kxg7 15. g4 Ng3 16. Rg1
Nxf1 17. Rgxf1 Rc4 18. Nd5 Qxd2 19. Rxd2 Bxd5 20. Rxd5 Rac8 $11 {0-1 Zamora,
J-Georgiev,V/Mermaid Beach 1998 (53)}) 12... Qc7 {'?' Schulz,A.} (12... Qxg5+ {
Looks ugly, but I think it's the best move.} 13. hxg5 Nh5 $14 (13... Nh5 {
Schulz,A} 14. Bxg7 Kxg7 15. g4 $14 {mit bequemerem Endspiel für Weiß.})) 13. h5
Rfc8 {'?' Schulz,A.} (13... Nxh5 14. Bxg7 (14. Rxh5 $2 f6 15. Qa5 b6) 14...
Nxg7 (14... Kxg7 15. Rxh5 $18) 15. Qh6 Nh5 16. e5 (16. g4 {Schulz,A} Nf6 17.
Bd3 $18 Z0 18. e5 $140 dxe5 19. g5 Nh5 20. Rxh5 gxh5 21. Qxh7#) 16... dxe5 17.
Rxh5 (17. g4 Nf6 18. Bd3 (18. Ne4 Rfc8 19. Bd3 $18) 18... Rfc8 19. g5 Nh5 20.
Rxh5 $18) 17... gxh5 18. Bd3 $18) (13... h6 $5 {Schulz,A} 14. Qe3 $140 g5) 14.
hxg6 hxg6 (14... fxg6 15. Qh4 $40 (15. Bd3 $16)) 15. Bd3 $16 b5 16. Nd5 ({
Oder gleich} 16. Rh6 $40 {Schulz,A}) 16... Bxd5 17. exd5 b4 18. Rh6 $1 {
'+-' Schulz,A.} Rab8 (18... b3 19. axb3 $18) (18... Z0 {Schulz,A} 19. Rdh1 Z0
20. Qh4 Z0 21. Rh8+ Bxh8 22. Qxh8# {Schwarz ist ohne ausreichende Verteidigung
und ohne Gegenspiel.}) (18... Qa5 {Schulz,A} 19. Bxg6 fxg6 20. Rxg6 $18) 19.
Rdh1 $18 b3 20. Qh4 ({Es gewann auch das prosaische} 20. axb3 {Schulz,A} Qa5 (
20... Rxb3 21. Bxf6 exf6 (21... Bxf6 22. Qxf6 exf6 23. Rh8+ Kg7 24. R1h7#) 22.
Qh4 Kf8 23. Rh8+ Bxh8 (23... Ke7 24. Re1+ Kd7 25. Qh3+ f5 26. Qxf5+ gxf5 27.
Bxf5#) 24. Qxh8+ Ke7 25. Re1+ Kd7 26. Qxf6 Z0 27. Qe7# $140) 21. Bxg6 Qa1+ 22.
Kd2 Qa5+ 23. c3 Z0 24. Rh8+ $140 Bxh8 25. Rxh8+ Kxh8 26. Bxf6+ exf6 27. Qh6+
Kg8 28. Qh7+ Kf8 29. Qxf7#) 20... Nh5 21. Rxh5 (21. Bxg7 $4 {Schulz,A} bxa2
$132) 21... gxh5 22. Bh7+ $1 Kf8 (22... Kxh7 23. Qxh5+ Kg8 24. Qh8+ Bxh8 25.
Rxh8#) 23. Bxg7+ Ke8 (23... Kxg7 24. Qg5+ Kh8 25. Rxh5 {and mate in one.} (25.
Rxh5 {Schulz,A} bxa2 26. Bf5#)) 24. axb3 {The right time to resign here.} Qa5
25. Qa4+ Qxa4 26. bxa4 Rb4 27. Rxh5 Rc5 28. Bf5 e6 29. dxe6 Rxa4 30. exf7+ Kxf7
31. Bc3 d5 32. Rh7+ Kg8 33. Rh8+ Kf7 34. Rh7+ Kf8 35. Be5 Ra6 36. Rh8+ Kf7 37.
Rh7+ Kf8 38. f4 Rcc6 39. Rh8+ Kf7 40. Rh7+ Kf8 41. Rd7 1-0

[Event "RUS-ch 53rd"]
[Site "Samara"]
[Date "2000.06.21"]
[Round "5"]
[White "Galliamova, Alisa"]
[Black "Tregubov, Pavel V"]
[Result "1/2-1/2"]
[WhiteElo "2515"]
[BlackElo "2615"]
[Annotator "Rogozenco,D"]
[PlyCount "50"]
[EventDate "2000.06.03"]
[EventType "swiss"]
[EventRounds "11"]
[EventCountry "RUS"]
[SourceTitle "CBM 078"]
[Source "ChessBase"]
[SourceDate "2000.10.18"]
[SourceVersion "1"]
[SourceVersionDate "2000.10.18"]
[SourceQuality "1"]

1. e4 c5 2. Nf3 d6 3. d4 cxd4 4. Nxd4 Nf6 5. Nc3 g6 6. Be3 Bg7 7. f3 O-O 8. Qd2
Nc6 9. O-O-O d5 10. exd5 Nxd5 11. Nxc6 bxc6 12. Bd4 Bxd4 13. Qxd4 Qc7 14. Bc4 (
14. Qc5 Nxc3 (14... Qf4+ 15. Kb1 (15. Rd2 Nxc3 16. Qxc3) 15... Bf5 16. Nxd5 (
16. Qxc6 $2 Bxc2+ $1) 16... cxd5 17. Qxd5 (17. Qxe7 $2 Bxc2+ 18. Kxc2 Qa4+ 19.
Kd2 Rac8 $1 20. Bd3 Qa5+ 21. Ke2 Rfe8 $19) 17... Rab8 $44 {1/2-1/2 Almasi,
Z-Georgiev,K/Cacak 1996 (19)}) 15. Qxc3 Be6 16. Bd3 (16. Kb1 Rfd8 $10) 16...
Rad8 17. Rde1 c5 18. Kb1 Rd4 19. h4 Qd6 20. h5 g5 21. h6 $16 {1-0 Morozevich,
A-Georgiev,K/Sarajevo 2000 (34)}) 14... Nb6 (14... Nxc3 15. Qxc3 $14) 15. Ne4
$5 $146 {[%mdl 8]} (15. Be2 Be6 (15... c5 16. Nb5 Qc6 17. Qe5 Ba6 18. Nc3 Bxe2
19. Qxe2 Rab8 20. Qxe7 Nc4 21. b3 Rfe8 22. Nd5 $1 Kg7 23. Qc7 $16 {1-0 Brodsky,
M-Hodgson,Ju/Isle of Man (42)}) 16. Qc5 Rfb8 17. g3 Qb7 18. b3 a5 19. a4 Nd5
20. Ne4 Nb4 21. Bc4 Bd5 $1 $11 {1/2-1/2 Shirov,A-Fedorov,A/Batumi GEO 1999 (39)
}) 15... Bf5 (15... Nxc4 16. Qxc4 Be6 $13) 16. Ng3 Rad8 (16... Nxc4 $2 17. Nxf5
$16) 17. Qh4 Qe5 (17... Nxc4 18. Nxf5 Rxd1+ 19. Rxd1 gxf5 20. Qxc4 Qxh2 21.
Qxc6 Qxg2 22. Qc5 $36 {[%cal Rd1g1]}) 18. Rxd8 (18. Bb3 $5 c5 $140 (18... Rxd1+
19. Rxd1 $14) 19. Rde1 $1 (19. Rxd8 Rxd8 20. Nxf5 Qxf5 21. Qxe7 Rd7 22. Qe8+
Kg7 $17) 19... Qg7 20. Nxf5 gxf5 21. c3 $16 (21. Rxe7 $2 c4 22. Bxc4 Nxc4 23.
Qxc4 Qg5+ $19) (21. g4 $6 c4 $1 (21... f4 22. Re4 $16 Rc8 23. c3 c4 24. Bc2)
22. gxf5 cxb3 23. Rhg1 bxa2 24. Rxg7+ Kxg7 25. Qg3+ Kh6 (25... Kh8 26. Qe5+ f6
27. Qa5 $18) 26. Qh4+ Kg7 $11)) (18. Rde1 Qa5 {/\Qd2} 19. Nxf5 Qxf5 20. Bd3 Qa5
21. a3 Nd5 {/\ Rb8 <=>.}) 18... Rxd8 19. Nxf5 Qxf5 20. Qxe7 (20. Bd3 Qc5 $11)
20... Rd7 21. Qe8+ Kg7 $11 22. Bd3 Qg5+ 23. f4 Qxf4+ (23... Qxg2 24. Qe5+ f6
25. Qe4 $11) 24. Kb1 Qf6 25. Re1 c5 1/2-1/2

[Event "EU-Cup 13th Group2"]
[Site "Eupen"]
[Date "1997.09.23"]
[Round "2"]
[White "Psakhis, Lev"]
[Black "Borge, Nikolaj"]
[Result "1-0"]
[WhiteElo "2565"]
[BlackElo "2360"]
[Annotator "Rogozenco,D"]
[PlyCount "63"]
[EventDate "1997.09.22"]
[EventType "team-k.o."]
[EventRounds "3"]
[EventCountry "BEL"]
[SourceTitle "EXT 2020"]
[Source "ChessBase"]
[SourceDate "2019.10.17"]
[SourceVersion "1"]
[SourceVersionDate "2019.10.17"]
[SourceQuality "1"]
[WhiteTeam "Herzliya Chess Club"]
[BlackTeam "Espergarde SK"]
[WhiteTeamCountry "ISR"]
[BlackTeamCountry "DEN"]

1. e4 {Schulz,A} c5 2. Nf3 d6 3. d4 cxd4 4. Nxd4 Nf6 5. Nc3 g6 6. Be3 Bg7 7. f3
Nc6 8. Qd2 O-O 9. O-O-O d5 10. exd5 Nxd5 11. Nxc6 bxc6 12. Bd4 Bxd4 {Schulz:
Ein Versuch, auf einfachem Weg Ausgleich zu bekommen. Die Variante ist noch
sehr jung, ein endgültiges Urteil kann noch nicht gefällt werden.} 13. Qxd4 Qc7
{After which several games with this variation were played, one can say now
that there are several ways for White to reach a slightly better position.} 14.
Bc4 (14. Qc5 Qf4+ 15. Kb1 Bf5 16. Nxd5 cxd5 17. Qxd5 Rab8 18. Bc4 Qc7 19. Bb3
Rbd8 {1/2-1/2 Almasi,Z-Georgiev,K/Cacak 1996/CBM 57/[Alterman,B]}) (14. h4 $5)
14... Nb6 15. Qh4 {Novelty. White keeps the Knight against the Bishop on c8.
Black`s problem in this variation (9.0-0-0 d5) is the inferior pawn structure,
which here together with his weakest minor piece (the Bishop on c8), makes the
position quite unpleasant for Black. Schulz: Zielt gegen die Schwäche e7.
Schwarz kann nie gut e7-e6 spielen, weil dann Feld f6 arg schwach wird.
Dasselbe passiert, wenn der e7 fällt.} (15. Be2 Be6 (15... c5 16. Nb5 $6 Qc6
17. Qe5 Ba6 18. Nc3 Bxe2 19. Qxe2 Rab8 $2 20. Qxe7 Nc4 21. b3 Rfe8 22. Nd5 $16
{Brodsky,M-Hodgson,J/Isle of Man op 1996/EXT 96op2/1-0 (42)}) 16. g3 Rab8 17.
Qc5 Qb7 18. b3 Nd5 19. Rd4 Rfc8 20. Na4 Bf5 21. Kb2 e5 22. Rd2 $14 {Rodriguez,
A-Becerra Rivero,J/Capablanca Elite 1997}) 15... Nxc4 16. Qxc4 Rb8 17. Qc5 $14
{Schulz: Wieder gegen e7 gerichtet.} Be6 (17... Qb6 18. Na4 Qb5 19. b3 $16) 18.
b3 Rb6 $6 (18... Rfd8 $14) 19. Rhe1 $16 Qxh2 (19... Re8 {Schulz,A}) 20. Qxe7 {
Schulz: Damit sind die Felder d6 und f6 sehr schwach.} c5 (20... Qxg2 21. Rxe6
fxe6 22. Rd7 Qh1+ 23. Kb2 Qh6 24. Qxe6+ (24. Ne4 $18 {Schulz,A}) 24... Kh8 25.
Ne4 c5 26. Qe5+ Kg8 27. Qd5+ Kh8 28. Ng5 $18) 21. Re2 {Schulz: Weiß
entscheidet sich für den ruhigen Weg.} ({Schulz: Verführerisch ist} 21. Ne4 {
Schulz,A /\ Rh1,Nf6} {aber nach} c4 (21... Qxg2 $2 22. Nf6+ Kg7 23. Nxh7 $18 (
23. Rg1 $2 Qxf3) (23. Nh5+ gxh5 24. Rg1 Qg6 25. Rxg6+ hxg6 26. Qxa7 $18)) 22.
Nf6+ Kg7 23. Rh1 Qf4+ 24. Kb1 h6 25. Ne8+ Rxe8 26. Qxe8 cxb3 27. axb3 Qf5 {
hat Schwarz gutes Gegenspiel für die Qualität.}) 21... c4 22. Qxa7 (22. Ne4 $2
{Schulz,A} Qf4+ 23. Kb1 cxb3 24. axb3 Bxb3 $40) 22... Rc6 (22... Rfb8 23. Rd8+
Rxd8 24. Qxb6 $16) 23. b4 $18 Rc7 (23... Rb8 24. a3 Qf4+ 25. Qe3 $18) 24. Qb6
Ra8 25. a4 Qh6+ 26. Kb2 Qf8 27. Rd6 (27. Qxc7 $6 {There is no need for these
complications.} Qxb4+ 28. Kc1 Qxc3 29. Rd8+ $6 Kg7 $1 30. Rxa8 $140 Qa1+ 31.
Kd2 Qd4+ 32. Ke1 Qg1+ 33. Kd2 Qd4+ $11) 27... Rca7 28. Red2 Qe7 29. Rd8+ Kg7
30. Qd6 Qb7 31. Qf8+ Kf6 32. Ne4+ 1-0

[Event "Sarajevo Bosnia 30th"]
[Site "Sarajevo"]
[Date "2000.05.25"]
[Round "8"]
[White "Morozevich, Alexander"]
[Black "Georgiev, Kiril"]
[Result "1-0"]
[WhiteElo "2748"]
[BlackElo "2677"]
[Annotator "Rogozenco,D"]
[PlyCount "67"]
[EventDate "2000.05.17"]
[EventType "tourn"]
[EventRounds "11"]
[EventCountry "BIH"]
[EventCategory "19"]
[SourceTitle "CBM 077"]
[Source "ChessBase"]
[SourceDate "2000.07.27"]
[SourceVersion "1"]
[SourceVersionDate "2000.07.27"]
[SourceQuality "1"]

1. e4 c5 2. Nf3 d6 3. d4 cxd4 4. Nxd4 Nf6 5. Nc3 g6 6. Be3 Bg7 7. f3 Nc6 8. Qd2
O-O 9. O-O-O d5 10. exd5 Nxd5 11. Nxc6 bxc6 12. Bd4 Bxd4 13. Qxd4 Qc7 14. Qc5 (
14. Bc4 Nb6 15. Be2 Be6 (15... c5 {is weaker, Brodsky-Hodgson/Isle of Man/1996}
) 16. h4 (16. Qc5 Rfb8 17. g3 Qb7 18. b3 a5 $13 {1/2-1/2 Shirov,A-Fedorov,A/
Batumi GEO 1999/(39)}) 16... Rfd8 17. Qe3 Rxd1+ 18. Rxd1 Qh2 19. Qg5 Nd5 $1 20.
Nxd5 (20. Ne4 f6 21. Qg3 Qxg3 22. Nxg3 Ne3 23. Rg1 Rd8 $11) 20... cxd5 21. Bd3
Re8 $13 {1/2-1/2 Lutz,C-Fedorov,A/Katrineholm 1999 (42)}) 14... Nxc3 {Would be
interesting to see what Morozevich prepared if Georgiev would've repeated his
game against Almasi.} (14... Qf4+ 15. Kb1 Bf5 {The critical position for
evaluation of 14.Qc5.} 16. Nxd5 cxd5 17. Qxd5 Rab8 18. Bc4 Qc7 19. Bb3 Rbd8 {
1/2-1/2 Almasi,Z-Georgiev,K/Cacak 1996}) 15. Qxc3 Be6 16. Bd3 (16. h4 Rfd8 17.
Bd3 c5 18. h5 Qf4+ 19. Kb1 Qd4 20. hxg6 hxg6 21. Qa5 Rab8 22. b3 Rd7 23. Rde1
$14 {1-0 Balinov,I-Velickovic,Z/Vienna 1998/(32)}) 16... Rad8 17. Rde1 c5 18.
Kb1 {White arranges his pieces and prepares for an attack against black King.
The course of the game is important for evaluation of such positions and is
interesting to see how one of the biggest Dragon specialists after playing
aparently good moves, suddenly gets into big troubles.} Rd4 (18... Qd6 19. h4
Qd4 {White is slightly better in the endgame, but this seem to me the best for
Black here.}) 19. h4 Qd6 20. h5 g5 (20... c4 21. hxg6 $1 cxd3 22. gxh7+ Kh8 23.
Re4 Rd8 24. Rhh4 $18) 21. h6 {Now in all cases after the opening of the
position Black will face difficulties. The pawn on h6 is very unpleasant and
there is nothing Black can do about it.} Rd8 22. b3 $1 f6 23. g3 {[%cal Gf3f4]}
Bd5 24. Rhf1 e5 25. f4 {Black made all logical moves, but it seems that White
is clear better thanks to the vulnerable position of black King.} e4 (25...
exf4 26. gxf4 g4 27. Bf5 Bf3 28. Qe3 {/\ 29.Rxf3, 30.Qg1-g7.} Rxf4 (28... Qxf4
29. Qe6+ $18) 29. Bxg4 Rxg4 30. Qxf3 Rg6 31. Rg1 $18) 26. Be2 $16 Rf8 (26...
gxf4 27. Rxf4 $16) 27. fxg5 f5 (27... fxg5 28. Qe3 Qxh6 29. c3 $18) 28. Rf4 $18
Be6 29. Ref1 Qe5 30. Qa5 Rf7 31. g4 fxg4 32. Rxf7 Bxf7 33. Qxa7 Be8 34. Rf5 1-0

[Event "Corus-B"]
[Site "Wijk aan Zee"]
[Date "2005.01.28"]
[Round "11"]
[White "Mamedyarov, Shakhriyar"]
[Black "Cheparinov, Ivan"]
[Result "0-1"]
[WhiteElo "2657"]
[BlackElo "2572"]
[Annotator "Rogozenco,D"]
[PlyCount "78"]
[EventDate "2005.01.15"]
[EventType "tourn"]
[EventRounds "13"]
[EventCountry "NED"]
[EventCategory "13"]
[SourceTitle "CBM 105"]
[Source "ChessBase"]
[SourceDate "2005.04.11"]
[SourceVersion "1"]
[SourceVersionDate "2005.04.11"]
[SourceQuality "1"]

1. Nc3 c5 2. e4 Nc6 3. Nge2 g6 4. d4 cxd4 5. Nxd4 Bg7 6. Be3 d6 7. Qd2 Nf6 8.
f3 O-O 9. g4 Bxg4 {An old piece sacrifice, invented by Gufeld. Black gets two
pawns and activity for the piece. Besides, the second player will remain with
a perfect pawn formation, while the opponent will have few pawn weaknesses.
All this secure certain compensation, which nevertheless is not fully enough
if White is well prepared and reacts properly.} 10. fxg4 Nxg4 11. Bg1 ({
The practice showed that the correct way to continue is} 11. Nb3 a5 12. a4 Nb4
13. O-O-O {and although the position is double-edged, White's prospects are
preferable.}) (11. Nxc6 $2 bxc6 12. Be2 Nxe3 13. Qxe3 Rb8 14. O-O-O e6 $1 $44)
11... e6 {[%cal Gd8h4]} 12. h4 (12. Nxc6 bxc6 13. h4 Rb8 $5 $132) 12... h5 {
[%csl Gg4,Rh4] Here Black has good chances to prove compensation. White is
forced to stay with the king in the center (13.0-0-0 is not possible on
account of 13...Bh6) and also the inclusion of moves h4/h5 favors Black.} 13.
Be2 (13. Nxc6 bxc6 14. Be2 Bh6 $1 15. Qd3 Ne5 16. Qg3 Rb8 $132 {0-1 Psakhis,
L-Tolnai,T/Dortmund 1989 (29)}) 13... Bh6 14. Qd3 (14. Qd1 Nce5 15. Bxg4 (15.
Nf3 Qa5 16. Rh3 Rac8 $44 {1-0 Fyllingen,R-Thorsteinsson,A/Gausdal 1997 (45)})
15... Nxg4 16. Qd3 a6 17. Nb3 Qe7 18. Rd1 Rad8 19. Bb6 Rd7 20. Ke2 (20. Nc5 Ne5
21. Qg3 dxc5 22. Qxe5 Rc8 $44 {[%csl Rb6]}) 20... Ne5 21. Qd4 Rc8 22. Na5 Ng4
23. Rh3 d5 24. Qa4 Qd6 25. Nxd5 exd5 {0-1 Martin del Campo,J-Verduga,D/Santa
Clara 1990/EXT 97 (25)}) 14... Nce5 15. Qg3 Rc8 $146 (15... Qf6 16. Nf3 Bf4 17.
Qg2 b5 $5 (17... Rac8 $44) 18. Nxe5 Nxe5 (18... Bxe5 $44) 19. Nxb5 Rfc8 20. c3
{1/2-1/2 Neiman,E-Koch,J/France 1989}) 16. Rd1 a6 {Because of the lack of
coordination White cannot take advantage of his extra pieces.} 17. Nf3 Nc4 (
17... Bg7 $5) 18. Bxc4 Rxc4 19. Qxd6 (19. Rxd6 Qb8 $44 (19... Qc7 20. Bb6 Qb8
$44)) 19... Qf6 {A very ambitious continuation. For White it is more difficult
to play with the queens on the board.} ({Less good is} 19... Qxd6 20. Rxd6 Bc1
21. Nd2 Rcc8 22. Rb6 {and Black is fighting for a draw}) 20. Ke2 Rc6 21. Qd4 e5
22. Qd3 Rfc8 {[%csl Rh1]} 23. a3 $6 (23. Rh3 $142 b5 24. Kf1 $13 {[%cal Gf1g2,
Gg2h1]}) 23... b5 24. Ne1 ({Again preferable was} 24. Rh3) 24... Rxc3 $1 {
Black cleverly cuts off any activity from his opponent (now that the pawn c2
is protected, the knight intended to jump to d5). White will be a rook up for
just two pawns, but in a practical game Black's chances are not worse, because
White still lacks coordination and will remain with a very ugly pawn structure,
with all weak pawns.} 25. bxc3 Kg7 {This calm move prepares ...Rc4, which if
played at once (25...Rc4) would have allowed White to trade queens (26.Qd8+).}
26. Qf3 Qe7 27. Bh2 ({After} 27. Kf1 {both} Rc4 {and 27...Qxa3 are good for
Black}) 27... Rc4 28. Bg3 Nf6 29. Rd3 Nxe4 $17 {Maybe objectively White still
can defend, but from the practical point of view Black is winning. He
threatens to advance the central pawns, which inevitably will win material.}
30. Rf1 f5 $1 (30... Nxg3+ 31. Qxg3 Re4+ 32. Kd1 Qxa3 33. Rxf7+ Kxf7 34. Qf3+
Rf4 35. Rd7+ Ke8 36. Qd5 Qa1+ 37. Ke2 Re4+ 38. Qxe4 Kxd7 39. Qd5+ $11) 31. Bh2
f4 32. Rg1 $2 (32. Qh3 $8 Nf6 $17) 32... Ng3+ {The game is over. Black plays ..
.e4 next and wins a lot of material.} 33. Rxg3 (33. Bxg3 e4 34. Qg2 exd3+ 35.
Kd1 fxg3 36. Nxd3 Qxh4 37. Qb7+ Kh8 38. Qb8+ Kh7 39. Qb7+ Bg7 $19) 33... e4 $19
34. Rxg6+ Kxg6 35. Qg2+ Kh7 36. Kd1 exd3 37. Nxd3 Qd7 38. Qa8 f3 39. Bg1 Rxh4
0-1

[Event "Leon"]
[Site "Leon"]
[Date "1995.??.??"]
[Round "8"]
[White "Sion Castro, Marcelino"]
[Black "Romero Holmes, Alfonso"]
[Result "1/2-1/2"]
[WhiteElo "2390"]
[BlackElo "2455"]
[Annotator "Romero Holmes"]
[PlyCount "67"]
[EventDate "1995.05.??"]
[EventType "tourn"]
[EventRounds "9"]
[EventCountry "ESP"]
[EventCategory "14"]
[SourceTitle "CBM 048"]
[Source "ChessBase"]
[SourceDate "1995.10.01"]
[SourceVersion "1"]
[SourceVersionDate "1995.10.01"]
[SourceQuality "1"]

1. e4 c5 2. Nf3 d6 3. d4 Nf6 4. Nc3 cxd4 5. Nxd4 g6 6. Be3 Bg7 7. f3 O-O 8. Qd2
Nc6 9. O-O-O d5 10. exd5 Nxd5 11. Nxc6 bxc6 12. Bd4 e5 13. Bc5 Re8 14. Nxd5
cxd5 15. Qxd5 Qxd5 16. Rxd5 Be6 17. Rd6 Bxa2 18. b3 {More ambitious is 18.b4.}
Rec8 19. Rd5 a5 20. Kb2 a4 21. Kxa2 axb3+ 22. Kxb3 Ra5 23. Bc4 {Clearly not} (
23. Kb4 $6 Raxc5 $1 24. Rxc5 Bf8) 23... Raxc5 24. Rxc5 Rxc5 25. Ra1 Rc7 26.
Ra8+ Bf8 27. Bd5 Kg7 28. c4 Bc5 29. Ka4 Bg1 30. h3 f5 31. Re8 Bd4 32. Kb5 Kf6
33. Bc6 Re7 34. Rxe7 1/2-1/2

[Event "Bundesliga 9900"]
[Site "Germany"]
[Date "2000.04.09"]
[Round "15.4"]
[White "Hoffmann, Michael"]
[Black "Berndt, Stephan"]
[Result "0-1"]
[WhiteElo "2439"]
[BlackElo "2500"]
[Annotator "Schulz,Andre"]
[PlyCount "68"]
[EventDate "1999.10.09"]
[EventType "team-tourn"]
[EventRounds "15"]
[EventCountry "GER"]
[SourceTitle "CBM 076"]
[Source "ChessBase"]
[SourceDate "2000.05.31"]
[SourceVersion "1"]
[SourceVersionDate "2000.05.31"]
[SourceQuality "1"]
[WhiteTeam "Castrop Rauxel"]
[BlackTeam "Neukoelln"]
[WhiteTeamCountry "GER"]
[BlackTeamCountry "GER"]

1. e4 c5 2. Nf3 d6 3. d4 cxd4 4. Nxd4 Nf6 5. Nc3 g6 6. Be3 Bg7 7. f3 O-O 8. Qd2
Nc6 9. O-O-O d5 10. Qe1 ({In der äteren Hauptvariante nach} 10. exd5 Nxd5 11.
Nxc6 bxc6 12. Bd4 e5 13. Bc5 Be6 14. Ne4 {ist das schwarze Leben auch nicht
unbeschwerlich.}) 10... e5 ({Die Alternative ist} 10... e6) 11. Nxc6 bxc6 12.
exd5 Nxd5 ({Interessant ist} 12... cxd5 {z.B.} 13. Bg5 Be6 14. Bc4 Qc7 15. Bxf6
dxc4 16. Bxg7 Kxg7 17. Qe3 (17. Ne4 Rad8 18. Qc3 Bd5 19. Rhe1 f6 20. Nf2 Qb6
21. Rd2 Bf7 22. Red1 Rxd2 23. Rxd2 Rd8 24. Rxd8 Qxd8 25. Qe3 Qa5 26. a3 f5 27.
f4 exf4 28. Qxf4 Qe1+ 29. Nd1 Qg1 30. Qe5+ Kg8 31. Qb8+ Kg7 32. Qe5+ {1/2-1/2
Borriss,M-Berndt,S/Germany 1998/GER-chT (32)}) 17... Rab8 18. Rhe1 f6 19. Ne4
Rb6 20. Nc5 Rc8 21. Nxe6+ Rxe6 22. Qc3 Rd6 23. Rxd6 Qxd6 {1/2-1/2 Mueller,
M-Berndt,S/Germany 1998/GER-chT (23)}) 13. Bc4 Be6 14. Ne4 Qc7 15. Bc5 Rfd8 16.
Qh4 {Der Plan ist g4-g5 und evtl. Sf6.} h6 17. g4 Rd7 (17... Rab8 18. g5 h5 19.
Qf2 Qb7 20. b3 Qc7 21. a4 Qa5 22. Bxa7 Bf8 23. Bxb8 Ba3+ 24. Kb1 Rxb8 25. Bxd5
cxd5 26. Nf6+ Kf8 27. Qe1 Qxa4 28. Qxe5 Rxb3+ 29. cxb3 Qxb3+ 30. Ka1 d4 31.
Nd7+ Bxd7 32. Qh8+ Ke7 33. Qxd4 Kf8 34. Qh8+ Ke7 35. Rhe1+ {1-0 Kramnik,
V-Rosselli,B/Maringa 1991/EXT 99 (35)}) 18. g5 h5 19. Rd2 (19. Nf6+ Nxf6 20.
Bxe6 Rxd1+ 21. Rxd1 Nd5 $6 (21... Rd8 22. Rxd8+ Qxd8 23. Bc4 Nd5 $11) 22. Bxd5
cxd5 23. Rxd5 $16 {1-0 Mainka,R-Lindemann,S/Oberwart 1991/TD (37)}) 19... Rad8
20. Rhd1 Nf4 21. Bxe6 Rxd2 22. Rxd2 Rxd2 23. Nxd2 $6 (23. Kxd2 Nxe6 24. c3 Qd7+
25. Kc2 Nxc5 26. Nxc5 Qd5 27. Ne4 Qxa2 28. Qh3 Qa6 29. Qd7 Qe2+ 30. Kb3 Qb5+
31. Kc2 Qe2+ 32. Kb3 Qb5+ {1/2-1/2 Luther,T-Tolnai,T/Budapest 1992/EXT 97 (32)}
) 23... Nxe6 24. Be3 (24. Ne4 $2 Nxc5 25. Nxc5 Qa5 $17) 24... e4 $5 {[%cal
Rg7b2] Räumt die lange Diagonale für den Läufer.} 25. Nxe4 Qe5 26. c3 Qd5 27.
a3 (27. Kb1 $4 Qd3+ {[%csl Re3][%cal Rd3b1,Rd3e3]}) 27... Be5 28. Qf2 Qd3 29.
h4 $2 (29. Qd2 $5 Qf1+ 30. Qd1 Qxd1+ 31. Kxd1 Bxh2 32. Bxa7 $16) 29... Nf4 30.
Bxf4 Bxf4+ 31. Nd2 f6 $1 {Weiß kommt nicht gut aus der Fesselung heraus und
gerät in Zugzwang.} 32. gxf6 g5 33. hxg5 (33. Qe1 Be3 $19) 33... h4 34. g6
Bxd2+ (34... Bxd2+ 35. Qxd2 Qxd2+ 36. Kxd2 h3) 0-1